| 000 | 00371nam a2200133 4500 | ||
|---|---|---|---|
| 999 |
_c9600 _d9600 |
||
| 003 | OSt | ||
| 005 | 20210705120752.0 | ||
| 008 | 210705b ||||| |||| 00| 0 eng d | ||
| 020 | _a9781138062719 | ||
| 082 |
_a720.1 _bBAC |
||
| 100 | _aBachman, Leonard R. | ||
| 245 | _a Constructing the architect : an introduction to design, research, planning, and education | ||
| 942 | _2ddc | ||